British Airways Destinations on a Map - Statistics

General Stats
  • This quiz has been taken 375 times
  • The average score is 111 of 202
Answers on the Map
Answers color-coded by a green-red scale on the quiz's map according to % correct below.
 
Answer Stats
Country Answer % Correct
United Kingdom London
83%
United States Los Angeles
83%
United States San Francisco
81%
Ireland Dublin
79%
United States New York
79%
United States Seattle
79%
Japan Tokyo
79%
United Kingdom Manchester
78%
United States Miami
78%
Canada Vancouver
78%
Spain Madrid
77%
United States Chicago
76%
United Kingdom Edinburgh
76%
Mexico Mexico City
76%
France Paris
76%
Australia Sydney
76%
South Africa Cape Town
75%
UAE Dubai
75%
United States Las Vegas
75%
Brazil Rio de Janeiro
75%
India Delhi
74%
United Kingdom Glasgow
74%
Hong Kong Hong Kong
74%
Portugal Lisbon
74%
United States Orlando
74%
China Shanghai
74%
Canada Toronto
74%
Spain Barcelona
73%
United States Boston
73%
Argentina Buenos Aires
73%
Denmark Copenhagen
73%
India Mumbai
73%
Norway Oslo
73%
Portugal Porto
73%
Italy Rome
73%
Chile Santiago
73%
Singapore Singapore
73%
The Netherlands Amsterdam
72%
Egypt Cairo
72%
South Africa Johannesburg
72%
UAE Abu Dhabi
71%
Greece Athens
71%
United Kingdom Belfast
71%
United States Dallas
71%
United States Houston
71%
Iceland Reykjavik
71%
United States Washington
71%
Thailand Bangkok
70%
Germany Berlin
70%
United States Denver
70%
Qatar Doha
70%
Turkey Istanbul
70%
Brazil Sao Paulo
70%
Sweden Stockholm
70%
Belgium Brussels
69%
Italy Milan
69%
Germany Munich
69%
United States San Diego
69%
Poland Warsaw
69%
Germany Frankfurt
68%
Nigeria Lagos
67%
Costa Rica | United States San Jose
67%
Austria Vienna
67%
Malaysia Kuala Lumpur
66%
Kuwait Kuwait City
66%
Canada Montreal
66%
United Kingdom Newcastle
66%
France Nice
66%
United States Phoenix
66%
Saudi Arabia Riyadh
66%
Israel Tel Aviv
66%
United Kingdom Aberdeen
65%
United States Atlanta
65%
Hungary Budapest
65%
Kenya Nairobi
65%
Italy Venice
65%
Switzerland Zurich
65%
Romania Bucharest
64%
Mexico Cancun
64%
Italy Naples
64%
Czech Republic Prague
64%
United States Austin
63%
Switzerland Geneva
63%
Luxembourg Luxembourg
63%
Bahrain Manama
63%
France Marseille
63%
Latvia Riga
63%
Germany Hamburg
62%
United States Portland
62%
Poland Krakow
61%
France Lyon
61%
Spain Malaga
61%
Maldives Male
61%
United States Newark
61%
United States Tampa
61%
Croatia Zagreb
61%
Gibraltar Gibraltar
60%
United States New Orleans
60%
Bulgaria Sofia
60%
Saudi Arabia Jeddah
59%
Jamaica Kingston
59%
Malta Malta
59%
Spain Tenerife
59%
Spain Valencia
59%
Ghana Accra
58%
Jordan Amman
58%
United States Philadelphia
58%
Italy Florence
57%
Bermuda Hamilton
57%
United Kingdom Inverness
57%
The Netherlands Rotterdam
57%
Spain Ibiza
55%
Italy Turin
55%
Morocco Marrakech
54%
India Bangalore
53%
Germany Dusseldorf
53%
Sweden Gothenburg
53%
Bahamas Nassau
53%
Spain Palma de Mallorca
53%
Croatia Split
53%
Georgia Tbilisi
53%
Nigeria Abuja
52%
France Bordeaux
52%
India Chennai
52%
Croatia Dubrovnik
52%
Portugal Faro
52%
Italy Palermo
52%
Barbados Bridgetown
51%
Germany Cologne
51%
Albania Tirana
51%
Mauritius Mauritius
50%
Austria Salzburg
50%
United States Baltimore
49%
Spain Las Palmas
49%
Greece Thessaloniki
49%
France Toulouse
49%
Spain Alicante
48%
Germany Stuttgart
48%
Turkey Antalya
47%
Switzerland Basel
47%
India Hyderabad
47%
Austria Innsbruck
47%
Italy Bologna
46%
Slovenia Ljubljana
46%
Antigua and Barbuda St Johns
46%
Cayman Islands George Town
45%
Guyana Georgetown
45%
United Kingdom Jersey
45%
Italy Bari
44%
United States Nashville
44%
Italy Pisa
42%
Greece Corfu
41%
Turkey Izmir
41%
Cyprus Larnaca
41%
St Kitts and Nevis Basseterre
40%
Portugal Funchal
40%
Spain Menorca
40%
Trinidad and Tobago Port of Spain
40%
Italy Cagliari
39%
Italy Catania
39%
Greece Rhodes
39%
Grenada St George´s
39%
Italy Verona
39%
St Lucia Vieux Fort
39%
Aruba Oranjestad
38%
United States Pittsburgh
38%
Germany Hannover
37%
Greece Santorini
37%
Spain Lanzarote
36%
France Montpellier
35%
Cyprus Paphos
35%
Greece Mykonos
34%
Dominican Republic Punta Cana
33%
United States Cincinnati
32%
Egypt Sharm el Sheikh
31%
Denmark Billund
30%
Greece Kos
29%
Trinidad and Tobago Scarborough
28%
Spain Fuerteventura
27%
Spain San Sebastian
27%
Greece Zakynthos
27%
Algeria Algiers
26%
France Grenoble
26%
Turkey Bodrum
25%
Greece Chania
24%
Pakistan Islamabad
24%
Portugal Ponta Delgada
24%
Turks and Caicos Islands Providenciales
24%
Italy Brindisi
23%
Turkey Dalaman
22%
Croatia Pula
22%
Greece Kefalonia
20%
Italy Olbia
18%
France Bastia
17%
Greece Kalamata
15%
Italy Perugia
13%
Finland Ivalo
12%
France Chambery
11%
France Figari
10%
Greece Preveza
10%
France Quimper
9%
No matching quizzes found
Score Distribution
Percent of People with Each Score
Percentile by Number Answered
Your Score History
You have not taken this quiz